LIBRARY & INFORMATION CENTRE, KCAET, TAVANUR

ONLINE PUBLIC ACCESS CATALOGUE (OPAC)

Construction materials : (Record no. 14005)

MARC details
000 -LEADER
fixed length control field 00652cam a2200217 a 4500
020 ## - INTERNATIONAL STANDARD BOOK NUMBER
ISBN 9780415465151 (hbk. : alk. paper)
020 ## - INTERNATIONAL STANDARD BOOK NUMBER
ISBN 041546515X (hbk. : alk. paper)
020 ## - INTERNATIONAL STANDARD BOOK NUMBER
ISBN 9780415465168 (pbk. : alk. paper)
020 ## - INTERNATIONAL STANDARD BOOK NUMBER
ISBN 0415465168 (pbk. : alk. paper)
020 ## - INTERNATIONAL STANDARD BOOK NUMBER
ISBN 9780203927571 (ebk.)
020 ## - INTERNATIONAL STANDARD BOOK NUMBER
ISBN 0203927575 (ebk.)
082 00 - DEWEY DECIMAL CLASSIFICATION NUMBER
Classification number 624.18
Item number DOM/CO
245 00 - TITLE STATEMENT
Title Construction materials :
250 ## - EDITION STATEMENT
Edition statement 4th ed.
260 ## - PUBLICATION, DISTRIBUTION, ETC. (IMPRINT)
Place of publication Milton Park, Abingdon, Oxon ;
-- New York :
Name of publisher Spon Press,
Year of publication 2010.
300 ## - PHYSICAL DESCRIPTION
Number of Pages xvi, 567 p. :
Other physical details ill. ;
650 #0 - SUBJECT ADDED ENTRY--TOPICAL TERM
Topical Term Building materials.
700 1# - ADDED ENTRY--PERSONAL NAME
Personal name Domone, P. L. J.
700 1# - ADDED ENTRY--PERSONAL NAME
Personal name Illston, J. M.
942 ## - ADDED ENTRY ELEMENTS (KOHA)
Koha item type Reference
Holdings
Withdrawn status Lost status Damaged status Collection code Home library Current library Shelving location Date acquired Source of acquisition Full call number Accession Number Koha item type
      Reference KAUAET KAUAET Reference 30/03/2013 A & A , Tvpm 624.18 DOM/CO 23820 Reference
free website counter